O Universo (Registo nº 3373)

Detalhes MARC
000 -Etiqueta do registo
Cabeçalho 00974nam0a22003011 4500
005 - Identificador da versão
Campo de controlo 20240828164624.0
010 ## - Número internacional normalizado dos livros (ISBN)
Número (ISBN) 9727302572
021 ## - Número do Depósito Legal
Código do país PT
Número 178786/02
100 ## - Dados gerais de processamento
Dados gerais de processamento 20060905d2002 da y0pory5003 ba
101 1# - Língua de publicação
Língua do texto, banda sonora, etc. Português
Língua do documento no original Francês
102 ## - Pais de publicação ou produção
País de publicação Portugal
105 ## - Campo de dados codificados: livros
Dados codificados dos livros a f 001yy
106 ## - Campo de dados codificados: material textual
Dados codificados do material textual r
200 1# - Titulo e menção de responsabilidade
Título próprio O Universo
Informação de outro título a Terra, os planetas, as estrelas, as galáxias...
Primeira menção de responsabilidade Anna Alter, Pascal Weil
Outras menções de responsabilidade il. Jean-François Pénichoux, Pascal Lemaître
-- trad. Cristina Soeiro
210 ## - Publicação, Distribuição, etc. 
Lugar da edição, distribuição, etc. Sintra
Nome do editor, distribuidor, etc. Marus
Data da publicação, distribuição, etc. D.L. 2002
215 ## - Descrição física 
Indicação específica da natureza do documento e extensão da espécie 76 p.
Outras indicações físicas il.
Dimensões 27 cm
225 2# - Colecção 
Título próprio da colecção Enciclopédia Larousse dos 6/9 anos
304 ## - Notas relativas a título e menção de responsabilidade 
Texto da nota Tít. orig.: L' Univers
606 ## - Nome comum usado como assunto
Número de registo de entrada de autoridade 0002229
Palavra de ordem Ciências exactas
Subdivisão de assunto Astronomia
675 ## - Classificação Decimal Universal (CDU)
Notação 52
Edição
Língua da edição por
700 #1 - Nome de autor-pessoa física (responsabilidade principal)
Número de registo de entrada de autoridade 0002677
Palavra de ordem Alter
Outra parte do nome não tomada para palavra de ordem Anna
701 #1 - Nome de autor-pessoa física (co-responsabilidade principal)
Palavra de ordem Weil
Outra parte do nome não tomada para palavra de ordem Pascal
Código de função Autor / Co-autor
702 #1 - Nome de autor-pessoa física (responsabilidade secundária)
Número de registo de entrada de autoridade 0002679
Palavra de ordem Pénichoux
Outra parte do nome não tomada para palavra de ordem Jean-François
Código de função Ilustrador / Técnico de desenho computorizado
Número de registo de entrada de autoridade 0002680
Palavra de ordem Lemaître
Outra parte do nome não tomada para palavra de ordem Pascal
Código de função Ilustrador / Técnico de desenho computorizado
Número de registo de entrada de autoridade 0001732
Palavra de ordem Soeiro
Outra parte do nome não tomada para palavra de ordem Cristina
Código de função Tradutor
942 ## - Elementos de entrada adicionados (Koha)
Tipo de item no Koha Livro
Exemplares
Situação do levantamento Origin of item (home branch) (coded) Biblioteca de empréstimo Código de barras Cota Circulation type (not for loan) Tipo de documento Nota do exemplar Damaged status
  Biblioteca Escolar da Coca Maravilhas Biblioteca Escolar da Coca Maravilhas BECM7306/06 5AST ALT   Livro Sem mensagem  
  Biblioteca Escolar da Coca Maravilhas Biblioteca Escolar da Coca Maravilhas BECM7309/06 5AST ALT   Livro Sem mensagem